| 000 | 00560nam a2200181Ia 4500 | ||
|---|---|---|---|
| 003 | GCL | ||
| 008 | 140319s9999 xx 000 0 ara d | ||
| 040 |
_aGCL / _cGCL |
||
| 082 | 0 | 4 |
_a928.1 _bع م |
| 100 | 1 | _aعمر الدسوقى | |
| 245 | 1 | 0 |
_aمحمود سامى البارودى / _cعمر الدسوقى |
| 300 | _a118 ص | ||
| 490 |
_aنوابغ الفكر العربى _v0 |
||
| 650 | 0 | 4 | _aالشعراء العرب |
| 650 | 0 | 4 | _aالشعر العربى - العصر الحديث |
| 650 | 0 | 4 | _aالشعر العربى - تراجم |
| 942 |
_2ddc _cBK |
||
| 999 |
_c42363 _d42363 |
||